| 000 | 00691nam a2200205 u 4500 | ||
|---|---|---|---|
| 001 | 000359875 | ||
| 003 | AM-YeHGA | ||
| 005 | 20250617131531.0 | ||
| 008 | 040909s1984 ||| r 000 0 rus d | ||
| 040 | _aAM-YeHGA | ||
| 041 | 0 | _arus | |
| 100 | 1 | _aДунаев, Владимир Николаевич | |
| 245 | 1 | 0 |
_aПеру : _b[История; Природа; Народ и культура; Хозяйство] / _cВ.Н. Дунаев. |
| 260 |
_aМосква : _bМысль, _c1984. |
||
| 300 |
_a135 стр. : _bилл. ; _c16 см _eкарты |
||
| 440 | 0 | _aУ карты мира | |
| 650 | 1 | 4 | _aСтрановедение |
| 650 | 1 | 4 |
_aАмерика _zПеру |
| 090 | _c139041 | ||
| 999 |
_c137668 _d137668 |
||